00503nam a2200121Ia 4500008004100000100003900041245011800080260002700198650001200225856005200237999001900289952007300308171212s9999 xx 000 0 und d aMiller, Laurel E.;Martini, Jeffrey cMiller, Laurel E.;Martini, JeffreyaDemocratization in the Arab WorldbA Summary of Lessons from Around the Globe bRAND Corporationc2013 aHistory uhttp://www.jstor.org/stable/10.7249/j.ctt5hhstf c351926d351926 001040aCLbCLd2017-12-12l0r2017-12-12 00:00:00w2017-12-12yCBE